Budúci predaj pozemkov vo vlastníctve obce za pevnú cenu a nedovolená štátna pomoc
V príspevku sa autorka zameria na predaj pozemku obce, ak cena pozemku ku dňu uzatvorenia kúpnej zmluvy nezodpovedá jeho skutočnej trhovej hodnote z dôvodu jeho zhodnotenia, a na nedovolenú štátnu pomoc.
Gespeichert in:
| 1. Verfasser: | |
|---|---|
| Format: | Buchkapitel |
| Sprache: | Slowakisch |
| Schlagworte: | |
| Tags: |
Keine Tags, Fügen Sie das erste Tag hinzu!
|
MARC
| LEADER | 00000naa a2200000 4500 | ||
|---|---|---|---|
| 001 | 0296925 | ||
| 005 | 20240417075252.6 | ||
| 041 | 0 | |a slo | |
| 044 | |a SK | ||
| 245 | 1 | 0 | |a Budúci predaj pozemkov vo vlastníctve obce za pevnú cenu a nedovolená štátna pomoc |c Eva Siminská |
| 520 | |a V príspevku sa autorka zameria na predaj pozemku obce, ak cena pozemku ku dňu uzatvorenia kúpnej zmluvy nezodpovedá jeho skutočnej trhovej hodnote z dôvodu jeho zhodnotenia, a na nedovolenú štátnu pomoc. | ||
| 610 | 2 | 0 | |a predaj |
| 610 | 2 | 0 | |a pozemky |
| 610 | 2 | 0 | |a vlastníctvo obecné |
| 610 | 2 | 0 | |a pomoc štátna |
| 610 | 2 | 0 | |a zmluvy kúpne |
| 100 | 1 | |a Siminská, Eva | |